000 00399cam a22001694a 4500
020 _a0262112884
082 0 0 _a507.11
_bKAI
245 0 0 _aPedagogy and the practice of science :
260 _aCambridge, Ma :
_bMIT Press,
_c2005.
300 _avi, 426 p. :
_bill. ;
650 0 _aScience
650 0 _aScience
650 0 _aScience
650 0 _aScience
700 1 _aKaiser, David.
942 _cBK
999 _c22374
_d22374